[Event "Titled Tuesday intern op 04th Feb Early"]
[Site "Chess.com INT"]
[Date "2025.02.04"]
[Round "10"]
[White "Sahib, Singh"]
[Black "Tarhan, Adar"]
[Result "1/2-1/2"]
[WhiteElo "2430"]
[BlackElo "2460"]
[PlyCount "279"]
[EventDate "2025.02.04"]
[EventType "swiss (blitz)"]
[EventRounds "11"]
[EventCountry "USA"]
[SourceTitle "CB07_2025"]
[SourceDate "2025.02.12"]
[SourceVersion "1"]
[SourceVersionDate "2025.02.12"]
[SourceQuality "1"]

1. e4 e5 2. Nf3 Nc6 3. Bb5 Nf6 4. 0-0 Nxe4 5. d4 Nd6 6. dxe5 Nxb5 7. a4 Nbd4 8. Nxd4 Nxd4 9. Qxd4 d6 10. exd6 Qxd6 11. Qe4+ Qe6 12. Qd4 Qb6 13. Qxb6 axb6 14. Nc3 c6 15. Be3 Ra6 16. Ne4 Bf5 17. f3 Bxe4 18. fxe4 Bd6 19. Bd4 f6 20. e5 fxe5 21. Bxe5 Bxe5 22. Rae1 Ra5 23. Rf5 Kd7 24. Rfxe5 Rxe5 25. Rxe5 Kd6 26. Re3 Rf8 27. Rb3 Kc5 28. Rc3+ Kb4 29. Rb3+ Ka5 30. Rg3 Rf7 31. b3 Kb4 32. Re3 Ka3 33. h4 Kb2 34. Re2 Kc1 35. c3 Kd1 36. Re4 Kc2 37. Rb4 b5 38. axb5 Kxc3 39. Rg4 c5 40. Rc4+ Kxb3 41. Rxc5 Kb4 42. Rg5 g6 43. g4 Rc7 44. Re5 Rc4 45. Kg2 Rxg4+ 46. Kh3 h5 47. b6 Ka4 48. Re7 Ka5 49. Rxb7 Rb4 50. Kg3 Ka6 51. Rg7 Rg4+ 52. Kh3 Kxb6 53. Rg8 Kc6 54. Rg7 Kd6 55. Rg8 Ke7 56. Rg7+ Kf6 57. Ra7 Rc4 58. Kg3 Rc5 59. Kf4 Rc4+ 60. Kg3 Kf5 61. Rf7+ Ke5 62. Re7+ Kf5 63. Rf7+ Ke6 64. Ra7 Rd4 65. Ra6+ Kf5 66. Ra5+ Ke4 67. Rg5 Rd3+ 68. Kg2 Rd6 69. Kg3 Rf6 70. Ra5 Rf3+ 71. Kg2 Rf5 72. Ra4+ Ke5 73. Kg3 Kf6 74. Ra6+ Kg7 75. Ra7+ Kh6 76. Rb7 Rc5 77. Ra7 Rc3+ 78. Kg2 Rc4 79. Kg3 Rc6 80. Kg2 g5 81. hxg5+ Kxg5 82. Kg3 Rc3+ 83. Kg2 Rc4 84. Kg3 h4+ 85. Kh3 Rc3+ 86. Kh2 Rc5 87. Kh3 Rf5 88. Rg7+ Kf4 89. Rg4+ Kf3 90. Kxh4 Rf8 91. Rg3+ Kf4 92. Rg4+ Kf3 93. Rg3+ Kf2 94. Rg5 Rh8+ 95. Rh5 Rg8 96. Rg5 Rf8 97. Kg4 Ke3 98. Re5+ Kd4 99. Rf5 Rg8+ 100. Kf4 Re8 101. Rf7 Re1 102. Rd7+ Kc5 103. Rc7+ Kd6 104. Rc2 Ke6 105. Rc6+ Kd5 106. Rc8 Rf1+ 107. Ke3 Ke5 108. Re8+ Kd6 109. Rd8+ Kc7 110. Rd2 Re1+ 111. Re2 Rh1 112. Kd3 Kd6 113. Rd2 Kc5 114. Rc2+ Kd5 115. Rd2 Rh3+ 116. Kc2+ Kc4 117. Rf2 Rh4 118. Rg2 Kb4 119. Kb2 Re4 120. Rf2 Re1 121. Rf4+ Kc5 122. Kc3 Re3+ 123. Kd2 Rh3 124. Ra4 Rh2+ 125. Kc3 Kb5 126. Rb4+ Ka5 127. Re4 Rh3+ 128. Kc4 Rh5 129. Rd4 Kb6 130. Rd6+ Kc7 131. Rd5 Rh4+ 132. Rd4 Rh1 133. Kd3 Kc6 134. Kc4 Rb1 135. Re4 Ra1 136. Re6+ Kd7 137. Re3 Kd6 138. Rd3+ Kc6 139. Rc3 Re1 140. Kd3+ 1/2-1/2

[Event "Titled Tuesday intern op 04th Feb Early"]
[Site "Chess.com INT"]
[Date "2025.02.04"]
[Round "1"]
[White "Tarhan, Adar"]
[Black "Grzesik, Gracjan"]
[Result "1-0"]
[WhiteElo "2460"]
[BlackElo "2175"]
[PlyCount "83"]
[EventDate "2025.02.04"]
[EventType "swiss (blitz)"]
[EventRounds "11"]
[EventCountry "USA"]
[SourceTitle "CB07_2025"]
[SourceDate "2025.02.12"]
[SourceVersion "1"]
[SourceVersionDate "2025.02.12"]
[SourceQuality "1"]

1. e4 c5 2. Nf3 d6 3. d4 cxd4 4. Nxd4 Nf6 5. Nc3 a6 6. Bc4 e6 7. Qe2 Nbd7 8. f3 Nc5 9. Be3 b5 10. Bb3 Nxb3 11. axb3 Bb7 12. g4 Be7 13. h4 Rc8 14. h5 h6 15. Rg1 Nd7 16. 0-0-0 Qa5 17. Kb1 b4 18. Na2 d5 19. g5 dxe4 20. g6 exf3 21. gxf7+ Kxf7 22. Nxf3 Nf6 23. Bd4 Be4 24. Rxg7+ Kxg7 25. Qxe4 Qf5 26. Rg1+ Kf7 27. Ne5+ Ke8 28. Qb7 Rd8 29. Qc6+ Kf8 30. Ng6+ Kf7 31. Nxh8+ Rxh8 32. Bxf6 Bxf6 33. Nxb4 Rd8 34. Nd3 Qd5 35. Qxa6 Rd6 36. Qa7+ Rd7 37. Qf2 Ke7 38. Rf1 Be5 39. Qf7+ Kd6 40. Qf8+ Kc6 41. Qxh6 Bd4 42. Nb4+ 1-0

[Event "Titled Tuesday intern op 04th Feb Early"]
[Site "Chess.com INT"]
[Date "2025.02.04"]
[Round "9"]
[White "Tarhan, Adar"]
[Black "Tran, Vo Quoc Bao"]
[Result "1-0"]
[WhiteElo "2460"]
[BlackElo "2062"]
[PlyCount "45"]
[EventDate "2025.02.04"]
[EventType "swiss (blitz)"]
[EventRounds "11"]
[EventCountry "USA"]
[SourceTitle "CB07_2025"]
[SourceDate "2025.02.12"]
[SourceVersion "1"]
[SourceVersionDate "2025.02.12"]
[SourceQuality "1"]

1. e4 c5 2. Nf3 d6 3. d4 Nf6 4. Nc3 cxd4 5. Nxd4 a6 6. Bc4 e6 7. Qe2 Be7 8. Bb3 Nc6 9. Be3 0-0 10. 0-0-0 Qc7 11. g4 b5 12. g5 Nxd4 13. Bxd4 Nd7 14. f4 Bb7 15. f5 Bxg5+ 16. Kb1 e5 17. Be3 Bxe3 18. Qxe3 b4 19. Rhg1 Kh8 20. Nd5 Bxd5 21. Bxd5 Rac8 22. Bb3 Nf6 23. Rxg7 1-0

[Event "Titled Tuesday intern op 04th Feb Early"]
[Site "Chess.com INT"]
[Date "2025.02.04"]
[Round "4"]
[White "Tarhan, Adar"]
[Black "Vedder, Richard"]
[Result "1-0"]
[WhiteElo "2460"]
[BlackElo "2238"]
[PlyCount "57"]
[EventDate "2025.02.04"]
[EventType "swiss (blitz)"]
[EventRounds "11"]
[EventCountry "USA"]
[SourceTitle "CB07_2025"]
[SourceDate "2025.02.12"]
[SourceVersion "1"]
[SourceVersionDate "2025.02.12"]
[SourceQuality "1"]

1. d4 d5 2. Nf3 Nf6 3. e3 Bf5 4. Be2 e6 5. 0-0 Be7 6. Nbd2 Nbd7 7. Nh4 Bg6 8. Nxg6 hxg6 9. c3 c5 10. b3 Qc7 11. h3 0-0-0 12. Bb2 Kb8 13. Rc1 Rc8 14. Nf3 Ne4 15. c4 g5 16. cxd5 exd5 17. dxc5 g4 18. hxg4 Ng5 19. g3 Ne4 20. Qxd5 Nxg3 21. Rfe1 Nxe2+ 22. Rxe2 Nf6 23. Qxf7 Nxg4 24. Qg6 Qd7 25. Rd2 Rh1+ 26. Kxh1 Nxf2+ 27. Kg2 Qh3+ 28. Kxf2 Bh4+ 29. Ke2 1-0

[Event "Titled Tuesday intern op 28th Jan Early"]
[Site "Chess.com INT"]
[Date "2025.01.28"]
[Round "3"]
[White "Karvatskyi, Oleksii"]
[Black "Tarhan, Adar"]
[Result "1-0"]
[WhiteElo "2160"]
[BlackElo "2481"]
[PlyCount "65"]
[EventDate "2025.01.28"]
[EventType "swiss (blitz)"]
[EventRounds "11"]
[EventCountry "USA"]
[SourceTitle "CB06_2025"]
[SourceDate "2025.02.05"]
[SourceVersion "1"]
[SourceVersionDate "2025.02.05"]
[SourceQuality "1"]

1. e4 c5 2. b3 Nc6 3. Bb2 e6 4. Bb5 Nge7 5. Qg4 Ng6 6. Bxc6 dxc6 7. h4 e5 8. Qg3 f6 9. Nc3 Be6 10. h5 Nf4 11. Nge2 Nxe2 12. Nxe2 h6 13. f4 exf4 14. Nxf4 Bf7 15. 0-0-0 Bd6 16. Qxg7 Rg8 17. Qxh6 c4 18. Rhe1 Qa5 19. e5 Bf8 20. Qh7 0-0-0 21. Qxf7 Qxa2 22. Qe6+ Kb8 23. Qxg8 fxe5 24. Ne6 c3 25. dxc3 Bh6+ 26. Qg5 Bxg5+ 27. Nxg5 Rg8 28. h6 Rxg5 29. h7 Rh5 30. Rh1 Rxh7 31. Rxh7 a5 32. Rh4 Ka7 33. Ra4 1-0

[Event "Titled Tuesday intern op 28th Jan Early"]
[Site "Chess.com INT"]
[Date "2025.01.28"]
[Round "6"]
[White "Tarhan, Adar"]
[Black "Biastoch, Bennet"]
[Result "1-0"]
[WhiteElo "2481"]
[BlackElo "2205"]
[PlyCount "87"]
[EventDate "2025.01.28"]
[EventType "swiss (blitz)"]
[EventRounds "11"]
[EventCountry "USA"]
[SourceTitle "CB06_2025"]
[SourceDate "2025.02.05"]
[SourceVersion "1"]
[SourceVersionDate "2025.02.05"]
[SourceQuality "1"]

1. e4 c5 2. Nf3 e6 3. d4 cxd4 4. Nxd4 Nf6 5. Nc3 Nc6 6. Ndb5 Bb4 7. a3 Bxc3+ 8. Nxc3 d5 9. exd5 exd5 10. Bd3 0-0 11. 0-0 Bg4 12. f3 Bh5 13. Bg5 Qb6+ 14. Kh1 Ne4 15. Nxe4 dxe4 16. Bxe4 Qxb2 17. Qb1 Qb6 18. Qxb6 axb6 19. Rfb1 Bg6 20. Bxc6 bxc6 21. Rxb6 Bxc2 22. Rxc6 Rfc8 23. Rxc8+ Rxc8 24. a4 f6 25. Bd2 Rd8 26. Be1 Rd1 27. Rxd1 Bxd1 28. a5 Be2 29. Kg1 Kf7 30. Kf2 Ba6 31. Ke3 Ke6 32. Kd4 Kd6 33. Bb4+ Kc6 34. Bf8 g6 35. Bg7 Bf1 36. g3 Be2 37. Ke3 Bd1 38. Bxf6 Kb5 39. Bc3 Ba4 40. Kf4 Kc5 41. Kg5 Bc2 42. Kh6 Kc4 43. Be1 Bd3 44. a6 1-0

[Event "Titled Tuesday intern op 14th Jan Early"]
[Site "Chess.com INT"]
[Date "2025.01.14"]
[Round "10"]
[White "Diaz Perez, Michel Alejandro"]
[Black "Tarhan, Adar"]
[Result "1/2-1/2"]
[WhiteElo "2488"]
[BlackElo "2481"]
[PlyCount "279"]
[EventDate "2025.01.14"]
[EventType "swiss (blitz)"]
[EventRounds "11"]
[EventCountry "USA"]
[SourceTitle "CB04_2025"]
[SourceDate "2025.01.22"]
[SourceVersion "1"]
[SourceVersionDate "2025.01.22"]
[SourceQuality "1"]

1. d4 Nf6 2. Nf3 e6 3. e3 d5 4. Bd3 Be7 5. 0-0 0-0 6. b3 b6 7. Bb2 Bb7 8. c4 dxc4 9. bxc4 c5 10. Nc3 cxd4 11. exd4 Nc6 12. a3 Rc8 13. Rc1 Na5 14. Ne5 g6 15. Ne2 Nd7 16. Ng4 Nf6 17. Ne5 Nc6 18. f4 Nxe5 19. fxe5 Ng4 20. Qd2 Bg5 21. Nf4 f6 22. Qe2 fxe5 23. Nxe6 Rxf1+ 24. Rxf1 Be3+ 25. Qxe3 Nxe3 26. Nxd8 Rxd8 27. Re1 exd4 28. Bxd4 Nxg2 29. Re7 Rxd4 30. Rxb7 Rxd3 31. Kxg2 Rxa3 32. Rc7 Rc3 33. Rxa7 Rxc4 34. Rb7 Rb4 35. Kg3 h5 36. h4 b5 37. Kh3 Rb3+ 38. Kg2 b4 39. Kh2 Rb1 40. Kg2 b3 41. Kh2 Kf8 42. Kg2 b2 43. Kh2 Ke8 44. Kg2 Kd8 45. Kh2 Kc8 46. Rb3 Kc7 47. Rb4 Kc6 48. Rb8 Kc5 49. Kg2 Kc4 50. Rc8+ Kd3 51. Rd8+ Ke3 52. Rb8 Re1 53. Rb3+ Kf4 54. Rxb2 Re4 55. Rb6 Kf5 56. Kg3 Re3+ 57. Kg2 Ra3 58. Rb5+ Kf4 59. Rb4+ Ke5 60. Rb5+ Kf6 61. Rb6+ Kg7 62. Rb7+ Kh6 63. Rb6 Ra5 64. Rb7 Ra6 65. Kg3 Ra4 66. Kh3 Ra3+ 67. Kg2 Rc3 68. Kh2 Rc6 69. Kg3 Rf6 70. Rc7 Rf1 71. Ra7 Rg1+ 72. Kh3 Rg4 73. Rb7 Ra4 74. Kg3 Rd4 75. Rc7 Rd5 76. Rb7 Rd6 77. Rc7 Rd3+ 78. Kg2 Ra3 79. Rb7 Ra6 80. Rc7 g5 81. hxg5+ Kxg5 82. Rc5+ Kh6 83. Rb5 Ra4 84. Kh2 Kg6 85. Kg2 h4 86. Kh2 Kf6 87. Kh3 Kg6 88. Rb6+ Kg5 89. Rb5+ Kf4 90. Kxh4 Ra1 91. Rb4+ Kf5 92. Rb5+ Kf6 93. Rb6+ Ke5 94. Rb5+ Kd6 95. Rb6+ Kc5 96. Rg6 Ra4+ 97. Rg4 Ra8 98. Rg5+ Kd4 99. Rg4+ Ke5 100. Rg5+ Kf6 101. Rb5 Rg8 102. Rb6+ Ke5 103. Rb5+ Kd4 104. Rb4+ Kc5 105. Rg4 Rh8+ 106. Kg3 Kd5 107. Ra4 Rg8+ 108. Rg4 Rc8 109. Ra4 Rc3+ 110. Kg4 Rc5 111. Rf4 Rc1 112. Ra4 Rc6 113. Ra5+ Ke6 114. Ra4 Kf6 115. Kf4 Kg6 116. Kg4 Kh6 117. Kh4 Rg6 118. Rb4 Ra6 119. Rc4 Kg6 120. Kg4 Kf6 121. Kf4 Ra1 122. Rc6+ Ke7 123. Rc7+ Kd6 124. Rh7 Rg1 125. Rh6+ Kd5 126. Rh8 Rf1+ 127. Ke3 Re1+ 128. Kd3 Re7 129. Rh5+ Kc6 130. Kd4 Kc7 131. Kc5 Rg7 132. Rf5 Rh7 133. Rg5 Rd7 134. Rh5 Rf7 135. Rg5 Kb7 136. Kb5 Kc7 137. Kc5 Rf1 138. Rg7+ Kd8 139. Kd6 Rd1+ 140. Kc6 1/2-1/2

[Event "Titled Tuesday intern op 14th Jan Early"]
[Site "Chess.com INT"]
[Date "2025.01.14"]
[Round "8"]
[White "Tarhan, Adar"]
[Black "Lisenkov, Svyatoslav"]
[Result "0-1"]
[WhiteElo "2481"]
[BlackElo "2187"]
[PlyCount "80"]
[EventDate "2025.01.14"]
[EventType "swiss (blitz)"]
[EventRounds "11"]
[EventCountry "USA"]
[SourceTitle "CB04_2025"]
[SourceDate "2025.01.22"]
[SourceVersion "1"]
[SourceVersionDate "2025.01.22"]
[SourceQuality "1"]

1. d4 Nf6 2. c4 c5 3. d5 b5 4. cxb5 a6 5. e3 axb5 6. Bxb5 Qa5+ 7. Nc3 Bb7 8. Bc4 Ba6 9. Bxa6 Qxa6 10. Nge2 g6 11. 0-0 Bg7 12. e4 d6 13. Ng3 0-0 14. Re1 Nbd7 15. h4 h5 16. Bg5 Rfb8 17. Qd2 Ne5 18. b3 c4 19. bxc4 Nxc4 20. Qe2 Ng4 21. Rac1 Rb2 22. Qd3 Nxf2 23. Qf1 Bd4 24. Nce2 Ng4+ 25. Nxd4 Qxa2 26. Rxc4 Rf2 27. Rc2 Rxf1+ 28. Rxf1 Qa4 29. Nge2 Re8 30. Rc7 Qa3 31. Bc1 Qd3 32. Rf4 Qd1+ 33. Rf1 Qd3 34. Rc3 Qxe4 35. Rcf3 Qxd5 36. Kh1 e5 37. Nc2 e4 38. Rh3 Qc4 39. Ncd4 e3 40. Rhf3 Re4 0-1

[Event "Titled Tuesday intern op 14th Jan Early"]
[Site "Chess.com INT"]
[Date "2025.01.14"]
[Round "4"]
[White "Tarhan, Adar"]
[Black "Nurgaliyev, Sauat"]
[Result "1/2-1/2"]
[WhiteElo "2481"]
[BlackElo "2374"]
[PlyCount "142"]
[EventDate "2025.01.14"]
[EventType "swiss (blitz)"]
[EventRounds "11"]
[EventCountry "USA"]
[SourceTitle "CB04_2025"]
[SourceDate "2025.01.22"]
[SourceVersion "1"]
[SourceVersionDate "2025.01.22"]
[SourceQuality "1"]

1. d4 Nf6 2. c4 g6 3. Nc3 d5 4. h4 dxc4 5. e4 Bg7 6. Bxc4 0-0 7. e5 Nfd7 8. h5 Nb6 9. hxg6 hxg6 10. Bb3 Nc6 11. Be3 Na5 12. Bc2 Nac4 13. Qf3 c5 14. 0-0-0 cxd4 15. Rxd4 Qc7 16. Qf4 Qxe5 17. Qh4 Qh5 18. Qxh5 gxh5 19. Rxh5 Nxe3 20. Bh7+ Kh8 21. Be4+ Kg8 22. fxe3 Bxd4 23. exd4 f5 24. Bc2 Kg7 25. Nf3 Rh8 26. Rg5+ Kf6 27. g4 Rh3 28. gxf5 Rxf3 29. Ne4+ Kf7 30. Bb3+ e6 31. Rh5 Rxb3 32. Ng5+ Ke7 33. axb3 exf5 34. Rh8 Be6 35. Rh7+ Kf6 36. Nf3 Bd5 37. Ne5 Rc8+ 38. Kd2 Bxb3 39. Ke3 Nd5+ 40. Kd3 Nf4+ 41. Kd2 Rc2+ 42. Ke3 Nd5+ 43. Kf3 Rxb2 44. Rf7+ Ke6 45. Rg7 Bd1+ 46. Kg3 f4+ 47. Kh3 Ne3 48. Nd3 Rb3 49. Nc5+ Kd5 50. Nxb3 Bxb3 51. Rxb7 Bd1 52. Rxa7 Kxd4 53. Rf7 Ke4 54. Re7+ Kf3 55. Kh2 Be2 56. Kg1 Bd3 57. Rf7 Be4 58. Rg7 Ng4 59. Ra7 Kg3 60. Ra2 f3 61. Rg2+ Kf4 62. Ra2 Ke3 63. Kf1 Bd3+ 64. Ke1 Bc4 65. Rf2 Kf4 66. Rd2 Ke3 67. Ra2 Ke4 68. Rd2 Bd3 69. Rb2 Ke3 70. Rd2 f2+ 71. Rxf2 Nxf2 1/2-1/2

[Event "Titled Tuesday intern op 14th Jan Early"]
[Site "Chess.com INT"]
[Date "2025.01.14"]
[Round "11"]
[White "Tarhan, Adar"]
[Black "Przybylski, Wojciech"]
[Result "1-0"]
[WhiteElo "2481"]
[BlackElo "2335"]
[PlyCount "313"]
[EventDate "2025.01.14"]
[EventType "swiss (blitz)"]
[EventRounds "11"]
[EventCountry "USA"]
[SourceTitle "CB04_2025"]
[SourceDate "2025.01.22"]
[SourceVersion "1"]
[SourceVersionDate "2025.01.22"]
[SourceQuality "1"]

1. e4 c5 2. Nf3 d6 3. d4 cxd4 4. Nxd4 Nf6 5. Nc3 a6 6. Bg5 e6 7. Qd2 h6 8. Bh4 Nbd7 9. Bg3 Be7 10. 0-0-0 0-0 11. Nb3 Ne5 12. f4 Nc6 13. Be2 b5 14. Bf3 Bb7 15. Rhe1 b4 16. Ne2 a5 17. Nbd4 a4 18. Nxc6 Bxc6 19. e5 Nd5 20. Nd4 Bb7 21. f5 Bg5 22. fxe6 Bxd2+ 23. Rxd2 dxe5 24. exf7+ Rxf7 25. Ne6 Qc8 26. Rxe5 Rxf3 27. gxf3 a3 28. b3 Qc3 29. Rd4 Rc8 30. Re2 Qa1+ 31. Kd2 Rxc2+ 32. Kxc2 Qb2+ 33. Kd3 Ba6+ 34. Ke4 Qxe2+ 35. Kxd5 Qxa2 36. Be5 Qxb3+ 37. Kd6 a2 38. Nc5 Qf7 39. Rxb4 Bc8 40. Rb8 Qe8 41. f4 Kh7 42. Ra8 h5 43. Ra7 Qd8+ 44. Kc6 Kh6 45. Bxg7+ Kg6 46. Be5 Qe8+ 47. Kb6 Be6 48. Ra6 Kf5 49. Ka5 Bc4 50. Rf6+ Kg4 51. Kb4 Qxe5 52. fxe5 a1Q 53. Kxc4 Qxe5 54. Rf2 Qe3 55. Nd3 Qe4+ 56. Kc3 Qc6+ 57. Kd2 Qe8 58. Re2 Qf8 59. Rf2 Qh6+ 60. Ke2 Qe6+ 61. Kd2 Qa6 62. Ke3 h4 63. Rg2+ Kf5 64. Rf2+ Kg5 65. Rg2+ Kh6 66. Nf4 Qa3+ 67. Ke4 Qa8+ 68. Ke3 Qa7+ 69. Kf3 Qd7 70. Rg6+ Kh7 71. Rg5 Qd1+ 72. Ke3 Qc1+ 73. Ke4 Qc2+ 74. Ke5 Qc3+ 75. Kf5 Qc2+ 76. Kg4 Qd1+ 77. Kxh4 Kh6 78. Rg6+ Kh7 79. Rg4 Qe1+ 80. Rg3 Qa5 81. Kg4 Qb4 82. Kf3 Qb3+ 83. Kf2 Qc4 84. Ne2 Qc5+ 85. Kg2 Kh6 86. h3 Qc6+ 87. Rf3 Qd5 88. Kf2 Qe4 89. Ng3 Qd4+ 90. Kg2 Qd5 91. h4 Qc6 92. Ne2 Qb7 93. Kg3 Kh5 94. Nf4+ Kh6 95. Re3 Qc7 96. Re6+ Kh7 97. h5 Qc3+ 98. Kg4 Qg7+ 99. Ng6 Qd7 100. Kg5 Qd2+ 101. Kg4 Qd1+ 102. Kg5 Qd2+ 103. Nf4 Qc1 104. Re7+ Kg8 105. h6 Qc5+ 106. Kf6 Qd4+ 107. Kf5 Qc5+ 108. Re5 Qc2+ 109. Kf6 Qc6+ 110. Ne6 Qf3+ 111. Rf5 Qc3+ 112. Kg6 Qd3 113. h7+ Kh8 114. Ng5 Qc2 115. Kf6 Qc3+ 116. Kg6 Qc6+ 117. Rf6 Qc2+ 118. Rf5 Qc6+ 119. Kh5 Qh1+ 120. Kg4 Qg2+ 121. Kh4 Qh2+ 122. Nh3 Kxh7 123. Rh5+ Kg7 124. Kg4 Qe2+ 125. Kh4 Qe1+ 126. Kg4 Qd1+ 127. Kh4 Kf8 128. Rf5+ Ke7 129. Rf4 Qe1+ 130. Kg4 Qd1+ 131. Rf3 Qc1 132. Kg3 Kd6 133. Nf2 Qg1+ 134. Kf4 Qc1+ 135. Re3 Qf1 136. Kf3 Qb1 137. Kg2 Kd5 138. Kf3 Qf5+ 139. Ke2 Qc2+ 140. Ke1 Qb1+ 141. Nd1 Qg6 142. Kd2 Kc5 143. Rd3 Qg2+ 144. Kc3 Qg7+ 145. Kc2 Qg6 146. Ne3 Kb5 147. Kd2 Qh6 148. Kc2 Kb4 149. Nd5+ Kc4 150. Ne3+ Kc5 151. Rc3+ Kd4 152. Nf5+ Ke4 153. Nxh6 Kd5 154. Ng4 Kd4 155. Ne3 Ke4 156. Kd2 Kd4 157. Rd3+ 1-0

[Event "Titled Tuesday intern op 07th Jan Early"]
[Site "Chess.com INT"]
[Date "2025.01.07"]
[Round "3"]
[White "Makarian, Rudik"]
[Black "Tarhan, Adar"]
[Result "1/2-1/2"]
[WhiteElo "2547"]
[BlackElo "2481"]
[PlyCount "106"]
[EventDate "2025.01.07"]
[EventType "swiss (blitz)"]
[EventRounds "11"]
[EventCountry "USA"]
[SourceTitle "CB03_2025"]
[SourceDate "2025.01.15"]
[SourceVersion "1"]
[SourceVersionDate "2025.01.15"]
[SourceQuality "1"]

1. d4 Nf6 2. c4 e6 3. Nf3 d5 4. Nc3 Be7 5. Bf4 0-0 6. e3 Nbd7 7. c5 Ne4 8. Nxe4 dxe4 9. Ne5 Nxe5 10. Bxe5 b6 11. Qc2 f6 12. Bg3 bxc5 13. Qxe4 Rb8 14. Bc4 cxd4 15. Bxe6+ Bxe6 16. Qxe6+ Kh8 17. 0-0 dxe3 18. Qxe3 Rxb2 19. Qxa7 Bd6 20. Rfd1 Qa8 21. Qxa8 Rxa8 22. a4 h6 23. Bxd6 cxd6 24. Ra3 d5 25. a5 Ra6 26. Kf1 Rb5 27. Rda1 Rb2 28. h4 d4 29. g4 Kh7 30. h5 f5 31. gxf5 Rb5 32. Rf3 Rbxa5 33. Rd1 Rf6 34. Rxd4 Raxf5 35. Rxf5 Rxf5 36. Rh4 Kg8 37. Kg2 Kf7 38. Kg3 Kf6 39. f4 Rd5 40. Kg4 Rd1 41. Rh3 Rg1+ 42. Rg3 Rxg3+ 43. Kxg3 Kf5 44. Kf3 Kf6 45. Kg4 Ke6 46. Kg3 Kd5 47. Kf3 Kd4 48. Kg3 Ke3 49. Kg4 Ke4 50. Kg3 Kf5 51. Kf3 Kf6 52. Kg4 Ke6 53. Kg3 Kf5 1/2-1/2